logo

Bir Sreshtho Munshi Abdur Rouf Library
Jhenaidah Cadet College

The art of possibility / (Record no. 4156)

MARC details
000 -LEADER
fixed length control field 00823cam a22002774a 4500
001 - CONTROL NUMBER
JCCL Control Number 4156
003 - CONTROL NUMBER IDENTIFIER
JCCL marc code BD-JhCC
005 - DATE AND TIME OF LATEST TRANSACTION
control field 20190828134017.0
008 - FIXED-LENGTH DATA ELEMENTS--GENERAL INFORMATION
fixed length control field 000502s2000 maua b 000 0 eng
020 ## - INTERNATIONAL STANDARD BOOK NUMBER
International Standard Book Number 0875847706 (alk. paper)
035 ## - SYSTEM CONTROL NUMBER
system control number (BD-JhCC)4156
040 ## - CATALOGING SOURCE
Original cataloging agency DLC
Transcribing agency DLC
Modifying agency VET
-- (BD-JhCC)
041 ## - LANGUAGE CODE
Language code of Book eng
050 00 - LIBRARY OF CONGRESS CALL NUMBER
Classification number BC199.P7.Z36 2000
082 00 - DEWEY DECIMAL CLASSIFICATION NUMBER
Classification number 158.1
DDC Edition number 22
Author mark and Year ZAN 2000
100 1# - MAIN ENTRY--PERSONAL NAME
Personal name Zander, Rosamund Stone,
Dates associated with a name 1942-
245 14 - TITLE STATEMENT
Title The art of possibility /
Statement of responsibility, etc Rosamund Stone Zander, Benjamin Zander.
260 ## - PUBLICATION, DISTRIBUTION, ETC. (IMPRINT)
Place of publication, distribution, etc Boston, Mass. :
Name of publisher, distributor, etc Harvard Business School Press,
Date of publication, distribution, etc c2000.
300 ## - PHYSICAL DESCRIPTION
Pagination ix, 206 p. :
Other physical details ill. ;
Dimensions 23 cm.
504 ## - BIBLIOGRAPHY, ETC. NOTE
Bibliography, etc Includes bibliographical references.
650 #0 - SUBJECT ADDED ENTRY--TOPICAL TERM
Topical term or geographic name as entry element Possibility.
650 #0 - SUBJECT ADDED ENTRY--TOPICAL TERM
Topical term or geographic name as entry element Conduct of life
700 1# - ADDED ENTRY--PERSONAL NAME
Personal name Zander, Benjamin,
Dates associated with a name 1939-
942 ## - ADDED ENTRY ELEMENTS (KOHA)
Source of classification or shelving scheme Dewey Decimal Classification
Koha item type Books
Koha issues (borrowed), all copies 3
Holdings
Source of classification or shelving scheme Damaged status Not for loan Home library Current library Shelving location Date of accession Cost, normal purchase price Total Checkouts Full call number Barcode Date last seen Date checked out Copy number Koha item type
Dewey Decimal Classification     JCC Rouf Library JCC Rouf Library General Stacks 11/23/2017 15.00 3 158.1 ZAN 2000 6124 04/27/2025 02/16/2025 C-1 Books

JCC Library | Contacts | JCC Home

Last Update on 23 September 2017
Copyright @ 2017-2020 JCC Rouf Library
Rouf Library, Jhenidah Cadet College (JCC), Bangladesh